000 00454nam a2200133 4500
999 _c14274
_d14274
008 190906b ||||| |||| 00| 0 eng d
082 _aDPer 050 T48 Apr-June 2016 v. 187 n. 12-24
100 _939470
_aLansky, Sam.
245 _aPop's coolest sister act taps into a John Hughes refrain/
_cSam Lansky.
260 _aHong Kong:
_bTime Asia,
_cc2016.
300 _av187 n22, page 48:
_billustrations;
_c27 cm.
650 _aMusician.
_940170
942 _2ddc
_cPER